| 000 | 00758nam a22001337a 4500 | ||
|---|---|---|---|
| 040 | _cRUA | ||
| 082 | _aAGR UNG 2008 B036 Or.1 | ||
| 100 | _aUNG, SOEUN. | ||
| 245 | _aEffect of neem seed power on the pest of celery cabbage at crop station of royal university agriculture ឥទ្ធិពលនៃកំហាប់ម្សៅគ្រាប់ស្ដៅលើសត្វល្អិតបំផ្លាញស្ពៃចង្កឹះ នៅស្ថានីយ៍ពិសោធន៍សាកលវិទ្យាល័យភូមិន្ទកសិកម្ម | ||
| 260 |
_aPhnom Penh _bRUA _c2008 |
||
| 300 |
_axi; 70p. _bill. _c29cm. |
||
| 856 | _uhttps://drive.google.com/file/d/1eusdG3SJXY1N9CiSUt9t21KURsAIdJmn/view?usp=sharing | ||
| 942 | _cAGR | ||
| 999 |
_c855 _d855 |
||